Sweet poison: coming soon

Guardado en:
Bibliografiske detaljer
Hovedforfatter: Turgeon, Pierre
Format: Bog
Sprog:English
Udgivet: Canadá Oberon 1983
Fag:
Tags: Tilføj Tag
Ingen Tags, Vær først til at tagge denne postø!

MARC

LEADER 00000nam a2200000Ia 4500
008 170316s9999 xx 000 0 eng d
040 |a cru BVZT 
090 |a 818 T-7s 
100 |a Turgeon, Pierre 
245 |a Sweet poison: coming soon 
260 |a Canadá 
260 |b Oberon 
260 |c 1983 
300 |a 176 páginas 
650 |a LITERATURA CANADIENSE 
999 |c 6667  |d 6667 
942 |c 15 D  |h 818 T-7s  |2 z